2020 Year End ATP Top 100 - Statistics

General Stats
  • This quiz has been taken 116 times
    102 since last reset
  • The average score is 54 of 100
Answer Stats
Rank Country Answer % Correct
7 Germany Alexander Zverev
100%
8 Russia Andrey Rublev
100%
4 Russia Daniil Medvedev
100%
1 Serbia Novak Djokovic
100%
2 Spain Rafael Nadal
100%
3 Austria Dominic Thiem
97%
5 Switzerland Roger Federer
97%
6 Greece Stefanos Tsitsipas
97%
23 Australia Alex de Minaur
93%
27 Norway Casper Ruud
93%
19 Bulgaria Grigor Dimitrov
93%
37 Italy Jannik Sinner
93%
11 France Gael Monfils
90%
10 Italy Matteo Berrettini
90%
12 Canada Denis Shapovalov
87%
9 Argentina Diego Schwartzman
87%
41 Japan Kei Nishikori
87%
15 Belgium David Goffin
83%
20 Russia Karen Khachanov
83%
42 Croatia Marin Čilić
83%
14 Canada Milos Raonic
83%
45 Australia Nick Kyrgios
83%
16 Spain Pablo Carreño Busta
83%
18 Switzerland Stan Wawrinka
83%
29 USA Taylor Fritz
83%
17 Italy Fabio Fognini
80%
59 USA Frances Tiafoe
80%
34 Poland Hubert Hurkacz
80%
13 Spain Roberto Bautista Agut
80%
50 Kazakhstan Alexander Bublik
77%
24 Croatia Borna Coric
77%
21 Canada Félix Auger-Aliassime
77%
25 USA John Isner
73%
71 Great Britain Cameron Norrie
67%
22 Chile Cristian Garín
67%
62 France Jo-Wilfried Tsonga
67%
30 France Ugo Humbert
67%
35 France Adrian Mannarino
63%
26 Serbia Dušan Lajović
63%
32 Great Britain Daniel Evans
60%
81 South Africa Kevin Anderson
60%
33 Italy Lorenzo Sonego
60%
40 Georgia Nikoloz Basilashvili
60%
54 USA Tommy Paul
60%
56 Japan Yoshihito Nishioka
60%
57 Serbia Laslo Djere
57%
44 Serbia Miomir Kecmanović
57%
47 France Richard Gasquet
57%
28 France Benoît Paire
53%
63 France Gilles Simon
53%
36 Germany Jan-Lennard Struf
53%
55 Hungary Márton Fucsovics
50%
61 Canada Vasek Pospisil
47%
52 Spain Alejandro Davidovich Fokina
43%
77 France Corentin Moutet
43%
86 Finland Emil Ruusuvuori
43%
51 Australia Jordan Thompson
43%
70 France Lucas Pouille
43%
97 Spain Roberto Carballés Baena
43%
53 USA Sam Querrey
43%
46 Spain Albert Ramos-Viñolas
40%
65 Spain Fernando Verdasco
40%
31 Serbia Filip Krajinović
40%
87 South Africa Lloyd Harris
40%
67 Uruguay Pablo Cuevas
40%
39 USA Reilly Opelka
40%
84 Brazil Thiago Monteiro
40%
64 Spain Feliciano López
37%
90 Portugal João Sousa
37%
93 Moldova Radu Albot
37%
99 Germany Yannick Hanfmann
37%
83 France Pierre-Hugues Herbert
33%
95 South Korea Soonwoo Kwon
33%
68 Czech Republic Jiří Veselý
30%
94 Sweden Mikael Ymer
30%
89 Kazakhstan Mikhail Kukushkin
30%
85 Spain Pedro Martínez
30%
58 Slovenia Aljaž Bedene
27%
48 Great Britain Kyle Edmund
27%
80 Italy Marco Cecchinato
27%
73 USA Marcos Giron
27%
69 Lithuania Ričardas Berankis
27%
91 Argentina Federico Coria
23%
72 USA Steve Johnson
23%
75 France Jérémy Chardy
20%
96 Austria Dennis Novak
17%
78 Belarus Egor Gerasimov
17%
82 Argentina Federico Delbonis
17%
43 Argentina Guido Pella
17%
60 Spain Pablo Andújar
17%
66 Germany Dominik Köpfer
13%
98 Germany Philipp Kohlschreiber
13%
74 Italy Stefano Travaglia
13%
38 Australia John Millman
10%
88 Slovakia Norbert Gombos
10%
49 USA Tennys Sandgren
10%
92 Hungary Attila Balázs
7%
100 Italy Gianluca Mager
7%
76 Italy Salvatore Caruso
7%
79 Argentina Juan Ignacio Londero
3%
No matching quizzes found
Score Distribution
Percent of People with Each Score
Percentile by Number Answered
Your Score History
You have not taken this quiz since the last reset